000 00985nam0a22002651 4500
001 rc\52241
005 20250620162053.0
010 _a5-247-01337-9
_96180
035 _a(NLR Aleph) 005330545
090 _a6586692
_c6586692
100 _a20021216d1991 |||y0rusy50 ca
101 0 _arus
102 _aRU
105 _aa |||||||||
200 1 _aОбщая и полевая геология
_e[Учеб. для геол. спец. вузов
_fА.Н. Павлов, И.А. Одесский, А.И. Иванов и др.
_gПод ред. А.Н. Павлова]
210 _aЛ.
_cНедра. Ленингр. отд-ние
_d1991
215 _a462, [1] с.
_cил.
_d21
300 _aАвт. указаны на обороте тит. л.
320 _aБиблиогр. в конце глав
701 1 _aПавлов
_bА.Н.
_gАлександр Николаевич
801 0 _aRU
_bNLR
_gpsbo
801 1 _aRU
_bELAR
_2rusmarc
852 _aNLR
_j91-5/4797
942 _cBOOK
980 _aNB